Enciclopedia multimedia premier 97; tomo 2: el hombre /

Guardado en:
Autor Principal: Sintesoft
Formato: Libro
Publicado: Buenos Aires : Universal Soft, 1997
Materias:
Etiquetas: Agregar Etiqueta
Sin Etiquetas, Sea el primero en etiquetar este registro!
LEADER 00467nam a22001575a 4500
001 CEM.cems010303
005 20060214000000.0
008 130507s1997##################000#0#####d
003 CEMS
082 0 4 |a CD030 
100 1 |a Sintesoft 
245 1 0 |a Enciclopedia multimedia premier 97; tomo 2: el hombre / 
260 |a Buenos Aires :  |b Universal Soft,  |c 1997 
653 |a Cd-roms-software 
653 |a Enciclopedias 
859 |a CEMS  |b BIB. CEMS - 11 de abril  |h CD030  |i SI69/II  |p 1484.00  |t Ej.1